〈ポケモン〉シルエットクイズ #1 - Statistics

General Stats
  • This quiz has been taken 103 times
  • The average score is 13 of 16
Answer Stats
Picture Hint Answer % Correct
ピカチュウ
99%
コイル
97%
ギャラドス
96%
イシツブテ
96%
サンダース
93%
ヤドラン
90%
ヒトデマン
87%
ポニータ
82%
ベトベター
81%
ズバット
77%
パラセクト
73%
ニョロボン
72%
エレブー
68%
パルシェン
66%
ニドラン♀
63%
アニメ本家より引用 (上から見た)プリン説明
46%
No matching quizzes found
Score Distribution
Percent of People with Each Score
Percentile by Number Answered
Your Score History
You have not taken this quiz